000 00598cam a2200217 a 4500
001 1476983
005 20180129084910.0
008 870507s1988 nyua b 001 0 eng
010 _a 87009804
020 _a0387965440 (U.S.) :
_c$25.00
040 _aDLC
_cDLC
_dDLC
041 _aeng
080 _a004
082 0 0 _a004 WEI
_219
100 _a30
101 _aSHKI
245 0 2 _aA computer science reader :
_cedited by Eric A. Weiss.
504 _aIncludes bibliographies and indexes.
906 _a7
_bcbc
_corignew
_d1
_eocip
_f19
_gy-gencatlg
942 _2ddc
_cBK
999 _c41192
_d41192